000 00416nam a2200181Ia 4500
001 8153
005 20260306160548.0
008 260306t2007||||xx |||||||||||||| ||spa||
041 _aESP
082 _a370.114
_bP19A
100 _aPalet, Mercedes
_eAUT
245 0 _aLa educación de las virtudes en la familia
260 _c2007
300 _a
_c
650 _aGEN
654 _aCED
942 _cLIB
_dJUS
_fJUS
_2ddc
_n
999 _c8153
_d8153